000 03341cam a2200397 i 4500
001 22399877
003 OSt
005 20231206152223.0
008 220127s2022 nyuab b 001 0 eng
010 _a 2021057079
020 _a9781350933392
_q(hb)
020 _a9781350933408
_q(pb)
020 _z9781350933422
_q(epdf)
020 _z9781350933415
_q(ebook)
040 _aDLC
_beng
_erda
_cDLC
_dDLC
042 _apcc
050 0 0 _aD421
_b.L69 2022
082 0 0 _a909.82
_bLOW/M
100 _aLowe, Norman
_eauthor.
_93406
245 1 0 _aMastering modern world history /
_cNorman Lowe and John Traynor.
250 _aSixth edition.
264 1 _aNew York :
_bBloomsbury Academic,
_c2022.
300 _axvii, 688 pages :
_billustrations, maps ;
_c24 cm
336 _atext
_btxt
_2rdacontent
337 _aunmediated
_bn
_2rdamedia
338 _avolume
_bnc
_2rdacarrier
504 _aIncludes bibliographical references and index.
505 0 _aThe Origins of the First World War -- The Great War 1914-1918 -- A Bitter Peace 1918-33 -- The Road to War -- The Second World War, 1939-45 -- The Cold War : problems of international relations after the Second World War -- The spread of communism outside Europe and its effects on international relations -- The United Nations Organization -- The Two Europes, East and West since 1945 -- Conflict in the Middle East -- The New World Order and the War Against Global Terrorism -- Italy 1918-1945 : the first appearance of fascism -- Germany 1918-1945 : the Weimar Republic and Hitler -- Russia 1894-1917 -- Russia under Lenin and Stalin -- Continuing communism, collapse and aftermath, 1953 to the present -- China 1900-49 -- China since 1949 : the communists in control -- Communism in Korea and South East Asia -- USA Boom and Bust: 1900-29 -- Roosevelt and the New Deal : 1929-45 -- USA 1945-68 : Uneven Prosperity -- USA 1968-2012 : Opportunity and Challenge -- The end of the European Empires -- Africa since independence -- Latin America -- The changing world economy since 1900 -- The World's Population.
520 _a"The sixth edition of this bestselling book takes students on a journey through the 20th century and provides a clear overview of the key events which have shaped modern world history. Unrivalled in its broad coverage, it: Surveys international relations and war, from 1900 to the present day--Examines the rise and fall of fascism and communism around the globe--Explores the international affairs of the major superpowers: the USA, Russia/USSR and China--Assesses the experience of decolonization in India, Africa and Latin America--Unpicks global issues, including economic crises and population increase Chapters feature maps, diagrams and further reading suggestions to support and further understanding. This new edition has been updated to take account of new scholarship, and provide a more global approach to key chapters in modern world history"--
_cProvided by publisher.
650 0 _aHistory, Modern
_y20th century.
650 0 _aHistory, Modern
_y21st century.
700 1 _aTraynor, John,
_eauthor.
906 _a7
_bcbc
_corignew
_d1
_eecip
_f20
_gy-gencatlg
942 _2ddc
_cBK
_h909.82
_iLOW/M
_k909.82
_mLOW/M
999 _c43761
_d43761